000 00680nam a2200277Ia 4500
005 20260324111702.0
008 008 260324s9999 xx 000 0 eng d
020 _a9781032689739
037 _aEBOOK
040 _aCRL
040 _beng
040 _cCRL
041 _2eng
041 _aeng
084 _qCRL
100 _aSerkan Kaya; Eda Sahin-Sengül
_91139590
245 0 _aConsumer Alternative Dispute Resolution in Emerging Economies
260 _bTaylor and Francis
260 _c2025
365 _a
365 _b230
856 _uhttp://www.taylorfrancis.com/books/9781032689739
942 _cEBOOK
999 _c1728494
_d1728494